Tilastot visalle 15 maata, joissa kuoli eniten Covid-19 - 6. lokakuuta

Klikkaa tästä pelataksesi tätä visaa!

Yleistilastot

  • Tätä visaa on pelattu 6 kertaa
  • Keskiarvotulos 9 / 20

Vastaustilastot

kraj% Oikein
Yhdysvallat
100%
Brasilia
80%
Ruotsi
80%
Venäjä
80%
Chile
60%
Intia
60%
Italia
60%
Meksiko
60%
Argentiina
40%
Belgia
40%
Espanja
40%
Iran
40%
Kolumbia
40%
Ranska
40%
Bolivia
20%
Ecuador
20%
Etelä-Afrikka
20%
Peru
20%
Yhdistynyt
kuningaskunta
20%
Panama
0%

Tulosjakauma

Persentiili vastausten määrän mukaan

Jokaisen tuloksen saaneiden osuus

Tuloshistoriasi

Et ole pelannut tätä visaa